Trabajo y poesía... / (Record no. 22568)

MARC details
000 -LEADER
campo de control de longitud fija 00758nam a2200205 i 4500
001 - NÚMERO DE CONTROL
campo de control 22568
003 - IDENTIFICADOR DE NÚMERO DE CONTROL
campo de control ES-MaACL
005 - FECHA Y HORA DE LA ÚLTIMA TRANSACCIÓN
campo de control 20230906152722.0
007 - CAMPO FIJO DE DESCRIPCIÓN FÍSICA--INFORMACIÓN GENERAL
campo de control de longitud fija t|
008 - DATOS DE LONGITUD FIJA--INFORMACIÓN GENERAL
campo de control de longitud fija 021203s19401950sp ||||1| spa d
100 1# - ENTRADA PRINCIPAL--NOMBRE DE PERSONA
Nombre de persona Alvarez Martínez, Luis.
9 (RLIN) 20876
245 10 - MENCIÓN DEL TÍTULO
Título Trabajo y poesía... /
Mención de responsabilidad, etc. Luis Alvarez Martínez.
260 ## - PUBLICACIÓN, DISTRIBUCIÓN, ETC.
Lugar de publicación, distribución, etc. Madrid :
Nombre del editor, distribuidor, etc. [s.n.,
Fecha de publicación, distribución, etc. 1948?] (
Fabricante Gráf. Barragán)
300 ## - DESCRIPCIÓN FÍSICA
Extensión 45 p. ;
Dimensiones 23 cm.
490 1# - MENCIÓN DE SERIE
Mención de serie Cuadernos de la Escuela de Capacitación Social de Trabajadores. Serie A. Poesía II
710 2# - ENTRADA AGREGADA--NOMBRE DE ENTIDAD CORPORATIVA
Nombre de entidad corporativa o nombre de jurisdicción como elemento de entrada Escuela de Capacitación Social de Trabajadores.
9 (RLIN) 3532
830 0# - PUNTO DE ACCESO ADICIONAL DE SERIE-TÍTULO UNIFORME
Título uniforme Cuadernos de la Escuela de Capacitación Social de Trabajadores. Serie A. Poesía II
9 (RLIN) 228997
852 ## - LOCALIZACIÓN
Ubicación ES-MaACL
Número de control de estantería 1884-F-9
Sublocalización o colección R.25847
Holdings
Estatus retirado Estado de pérdida Estado de daño No para préstamo Colección Biblioteca de origen Biblioteca actual Ubicación en estantería Fecha de adquisición Fuente de adquisición Total de préstamos Signatura topográfica completa Código de barras Visto por última vez Precio de reemplazo Tipo de ítem Koha
        Colección de folletos Biblioteca del Ateneo de Madrid Biblioteca del Ateneo de Madrid Depósito folletos 17/01/2008     1884-F-9 1023234 23/02/2023 23/02/2023 Folleto